000 00524nam a2200205Ia 4500
003 GCL
008 140319s9999 xx 000 0 eng d
040 _aGCL /
_cGCL
082 0 4 _a613.71
_bR A
100 1 _aROBBINS, GWEN
245 1 0 _aA WELLNESS WAY OF LIFE /
_cROBBINS, GWEN
700 1 _aPOWERS, DEBBIE
700 1 _aBURGESS, SHARON
260 _a[S.N] :
_bWCB BROWN & BENCHANARK ،
_c1994
300 _a478 P
650 0 4 _aEXERCISE FOR EDUCATION
650 0 4 _aEXERCISES
650 0 4 _aFITNESS
942 _2ddc
_cBK
999 _c11923
_d11923